Becoming a digital library

Gespeichert in:
Bibliographische Detailangaben
1. Verfasser: Toser, Marie A.
Format: Buch
Sprache:Undetermined
Veröffentlicht: New York, NY The H. W Wilson 1964
Schlagworte:
Tags: Tag hinzufügen
Keine Tags, Fügen Sie den ersten Tag hinzu!
Thư viện lưu trữ: Trung tâm Học liệu Trường Đại học Cần Thơ
LEADER 00484nam a2200181Ia 4500
001 CTU_103049
008 210402s9999 xx 000 0 und d
082 |a 025.313 
082 |b T714 
100 |a Toser, Marie A. 
245 0 |a Becoming a digital library 
245 0 |c Marie A. Toser 
260 |a New York, NY 
260 |b The H. W Wilson 
260 |c 1964 
650 |a Library science,Bibliography 
904 |i Minh 
980 |a Trung tâm Học liệu Trường Đại học Cần Thơ